000 00587cam a22001694a 4500
005 20250605164347.0
008 250528s ||||||||||||||||||||||||d
035 _a23932
040 _aGR-AtMCL
_bgre
_dGR-AtMCL
_eAACR2
245 1 _aΗ Ελλάδα Καινοτομεί / Επιβραβεύοντας τη Δημιουργικότητα των Ελλήνων Ερευνητών
260 _bΚαινοτομία Έρευνα Και Τεχνολογία,
_c2011
300 _a32
700 1 _aΣαχίνη Εύη
_99352
942 _cCR
999 _c8847
_d8847